| 000 | 00958nas a2200301 4500 | ||
|---|---|---|---|
| 001 | BR0806127 | ||
| 003 | BR-BrBNA | ||
| 005 | 20231205112105.0 | ||
| 007 | ta | ||
| 008 | 230509b bl.|||p| |||| 00| 00por d | ||
| 040 |
_aBR-BrBNA _bpor _cBiblioteca Nacional de Agricultura |
||
| 041 | _a(Pt) | ||
| 072 | _aL73 | ||
| 100 | 1 | _aHill, J.A.G. | |
| 100 | 1 | _aCosta, D.W. | |
| 100 | 1 | _aCastro, M.E.F. de | |
| 100 | 1 | _aHartmann, W. | |
| 100 | 1 | _aBenesi, F.J. | |
| 245 | 1 | _aProteína total, proteinograma eletroforético e gamaglutamiltransferase de bezerras com 30 horas de vida no município de Campo Largo, Paraná | |
| 650 | _aCOLOSTRO | ||
| 650 | _aIMUNOGLOBULINA | ||
| 650 | _aIMUNIDADE | ||
| 650 | _aLEITE | ||
| 650 | _aPARANÁ | ||
| 773 | 0 |
_tRevista Acadêmica.Ciências Agrárias e Veterinárias (Brazil) _xISSN 0103-989X _g(Jul-Sep 2007), v. 5(3) p. 295-301 _wBR0806127 |
|
| 909 |
_a202311 _bLúcia _c55 _dLúcia Elande |
||
| 942 |
_2AGRIS _n0 _cANA |
||
| 999 |
_c196038 _d196038 |
||